Shakespeare / (Registro nro. 13012)

Detalles MARC
000 -LIDER
fixed length control field 00706nam a22002297a 4500
003 - IDENTIFICACDOR DE NÚMERO DE CONTROL
control field DO-SdBNP
005 - DATE AND TIME OF LATEST TRANSACTION
control field 20221125075703.0
008 - ELEMENTOS DE LONGITUD FIJA
fixed length control field 161031b 1972 at c 00| 0 spa d
040 ## - FUENTE DE CATALOGACIÓN
Agencia que crea de manera original el registro BPMSU
Idioma de catalogación spa
Agencia que realiza la transcripción BPMSU
041 #0 - CÓDIGOS DE OBRAS TRADUCIDAS O EN VARIOS IDIOMAS
Código del idioma del texto/archivo de sonido o separata eng
082 #4 - NÚMERO DE CLASIFICACIÓN DECIMAL DE DEWEY
Classification number 928.22
Item number S527B 1972
Edition number 22
100 1# - ASIENTO PRINCIPAL -- NOMBRE PERSONAL
Nombre personal Burgess, Anthony,
Fechas asociadas con el nombre 1917-1993.
245 10 - MENCIÓN DE TITULO
Título Shakespeare /
Mención de responsabilidad Anthony Burgess
260 ## - PUBLICACIÓN, DISTRIBUCIÓN, ETC. (PIE DE IMPRENTA)
Lugar de publicación, distribución, etc Australia :
Nombre del editor, distribuidor, etc. Penguin books,
Fecha de publicación, distribución, etc 1972.
300 ## - DESCRIPCIÓN FÍSICA
Extensión 272 p. :
Otros detalles físicos il., retr ;
Dimensiones 27 cm.
490 0# - MENCIÓN DE SERIES
Mención de serie Arte-Colección,
Volume/sequential designation 99
500 ## - NOTA GENERAL
Materiales especificados Incluye bibliografía e índice.
590 ## - NOTA LOCAL
Enlace Inventariado, 2022/VM
600 14 - ENCABEZAMIENTO DE MATERIA--NOMBRE PERSONAL
Nombre personal Shakespeare, William
Fechas asociadas con el nombre 1564-1616.
Subdivisión temática general Crítica e interpretación.
910 ## - VALIDACIÓN
Validación VMateo V./Validado
942 ## - ADDED ENTRY ELEMENTS (KOHA)
Source of classification or shelving scheme Dewey Decimal Classification
Koha item type Libros
Existencias
Withdrawn status Lost status Source of classification or shelving scheme Damaged status Not for loan Collection code Home library Current library Date acquired Source of acquisition Full call number Barcode Date last seen Price effective from Koha item type
    Dewey Decimal Classification     Colección General Biblioteca Pública Metropolitana Salomé Ureña Biblioteca Pública Metropolitana Salomé Ureña 11/22/2017 Sin sellar BPMSU CG 928.22 S527B 1972 BPMSU17110326 11/22/2017 11/22/2017 Libros